Fidel Castro: ¿una leyenda a los 90 años? /
Αποθηκεύτηκε σε:
| Κύριος συγγραφέας: | |
|---|---|
| Μορφή: | Βιβλίο |
| Γλώσσα: | Spanish |
| Ετικέτες: |
Προσθήκη ετικέτας
Δεν υπάρχουν, Καταχωρήστε ετικέτα πρώτοι!
|
MARC
| LEADER | 00000nam a22000007a 4500 | ||
|---|---|---|---|
| 003 | cru CIDCACS/IIS | ||
| 005 | 20170719111956.0 | ||
| 007 | ta | ||
| 008 | 170719s2016 ag ||||| |||| 00| 0 spa d | ||
| 999 | |c 19449 |d 19449 | ||
| 040 | |c cru CIDCACS/IIS | ||
| 100 | 1 | |9 3997 |a Burchardt, Hans-Jürgen | |
| 245 | 1 | |a Fidel Castro: |b ¿una leyenda a los 90 años? / |c Hans-Jürgen Burchardt | |
| 300 | |a páginas 4-13 | ||
| 773 | 0 | |0 19022 |9 1034 |a Fundación Friedrich Ebert |d Fundación Friedrich Ebert; Nueva Sociedad |o 19050 |t Nueva Sociedad / | |
| 942 | |2 ddc |c PP | ||
